000
00296nam a2200121Ia 4500
008
210430s9999 xx 000 0 und d
082
_a
823 B424 W
100
_a
S.Beckett
245
_a
Waiting for Godot
_c
S.Beckett
260
_a
AB Books
_b
Ramana Iyer
_c
2006
300
_a
60p
942
_c
BK
_2
ddc
999
_c
562678
_d
562678